| 000 | 00409nam a22001577a 4500 | ||
|---|---|---|---|
| 082 |
_a627 _bKIN _cL-22, P-33 |
||
| 100 |
_aH. W. King _943960 |
||
| 245 | _aHydraulics | ||
| 250 | _a5th ed. | ||
| 260 |
_aNew York _bJhon willey & son, inc. _c1922 |
||
| 300 |
_axii, 351 p. _billu. |
||
| 526 |
_a0 _b0 _c0 _d627_000000000000000_KIN |
||
| 650 |
_aMCE _9379 |
||
| 700 |
_aChester O. Wisler _943961 |
||
| 942 |
_2ddc _cBK |
||
| 999 |
_c547825 _d547825 |
||